| 000 | 01782nam a2200433Ii 4500 | ||
|---|---|---|---|
| 001 | DIGEDUSTA208 | ||
| 003 | NyNyDIG | ||
| 008 | 231001s2023 ck d ob 001 0 spa d | ||
| 006 | m o d | ||
| 007 | cr ||||||||||| | ||
| 035 | _a(OCoLC)1402839137 | ||
| 040 |
_aDGITA _beng _erda _epn _cDGITA |
||
| 020 |
_a9789587825817 _qeBook |
||
| 020 | _z9789587825800 | ||
| 043 | _acl----- | ||
| 050 | 1 | 4 | _aHN110.5.A8 ebook |
| 100 | 1 |
_aGamba Trimiño, Alexander, _eauthor. |
|
| 245 | 1 | 0 |
_aDel Caracazo a la Mane : _bdos décadas de protestas y movimientos populares en los países andinos (1989-2011) / _cAlexander Gamba Trimiño. |
| 264 | 1 |
_aBogotá, D.C., Colombia : _bEdiciones USTA : _bUniversidad Santo Tomás, _c[2023] |
|
| 300 |
_a1 online resource : _bcharts. |
||
| 336 |
_atext _btxt _2rdacontent |
||
| 337 |
_acomputer _bc _2rdamedia |
||
| 338 |
_aonline resource _bcr _2rdacarrier |
||
| 347 |
_atext file _2rdaft |
||
| 347 | _bEPUB | ||
| 504 | _aIncludes bibliographical references and index. | ||
| 588 | 0 | _aOnline resource; title from ePub title page (Digitalia, viewed October 1, 2023) | |
| 650 | 0 |
_aProtest movements _zLatin America. |
|
| 650 | 0 |
_aDemocratization _zLatin America. |
|
| 650 | 0 |
_aSocial history _zLatin America. |
|
| 650 | 0 |
_aSocial policy _zLatin America. |
|
| 650 | 0 |
_aIndians _xPopulation. |
|
| 791 | 2 |
_aDigitalia (Firm), _edistributor. |
|
| 793 | 0 |
_gDigitalia eBook Collection: _aEdiciones USTA |
|
| 776 | 0 | 8 |
_iPrint version: _aGamba Trimiño, Alexander. _tDel Caracazo a la Mane. _bPrimera edición. _dBogotá, D. C., Colombia : Ediciones USTA : Universidad Santo Tomás, [2023] _z9789587825800 |
| 856 | 4 | 0 |
_3Digitalia Hispánica _uhttps://www.digitaliapublishing.com/a/129690/ |
| 910 | _aPremium collection: 2023 | ||
| 942 | _cRAA | ||
| 999 |
_c280498 _d280498 |
||